Countries with the fewest vehicles per capita - Statistics

General Stats
  • This quiz has been taken 345 times
  • The average score is 9 of 16
Answer Stats
Vehicles Per 1,000 People Country % Correct
6 Chad
80%
5 Democratic Republic of the Congo
80%
3 Somalia
72%
4 Central African Republic
65%
5 Guinea
64%
6 Burundi
62%
5 Mauritania
62%
3 Ethiopia
60%
2 Togo
60%
3 Liberia
58%
6 Sierra Leone
58%
4 Lesotho
51%
2 São Tomé and Príncipe
48%
5 Nepal
46%
3 Bangladesh
34%
3 Solomon Islands
25%
No matching quizzes found
Score Distribution
Percent of People with Each Score
Percentile by Number Answered
Your Score History
You have not taken this quiz